Calibración de un modelo de balance hídrico a nivel mensual en la cuenca del río Savegre
Guardat en:
| Autor principal: | |
|---|---|
| Format: | Llibre |
| Publicat: |
[San José, Costa Rica]
2006
|
| Matèries: | |
| Etiquetes: |
Afegir etiqueta
Sense etiquetes, Sigues el primer a etiquetar aquest registre!
|
MARC
| LEADER | 00000nam a2200000Ia 4500 | ||
|---|---|---|---|
| 003 | 009945 | ||
| 005 | 20221231144108.0 | ||
| 008 | 140114s2006 cr a 000 ||s d | ||
| 040 | |c cru CEDI | ||
| 090 | |a TFG 5473 | ||
| 100 | |a Salas Chacón, Jorge |9 4828 | ||
| 245 | |a Calibración de un modelo de balance hídrico a nivel mensual en la cuenca del río Savegre | ||
| 260 | |c 2006 |b [San José, Costa Rica] | ||
| 300 | |a 256 hojas; ilustraciones (principalmente a color), mapas color | ||
| 500 | |a Proyecto de graduación (licenciatura en ingeniería civil)--Universidad de Costa Rica. Facultad de Ingeniería. Escuela de Ingeniería Civil | ||
| 650 | |x BALANCE HIDRICO (HIDROLOGIA) |x MODELOS |x RIO SAVEGRE (COSTA RICA) |x RECURSOS HIDRICOS |x INVESTIGACIONES |9 4829 | ||
| 942 | |c TFG | ||
| 999 | |c 16804 |d 16804 | ||
